Central Library OPAC University of Rajshahi

Public international law / (Record no. 4734)

MARC details
000 -LEADER
fixed length control field 00666nam a2200241 a 4500
001 - CONTROL NUMBER
control field 4734
003 - CONTROL NUMBER IDENTIFIER
rucl marc code BD-RjUL
005 - DATE AND TIME OF LATEST TRANSACTION
control field 20211208233939.0
008 - FIXED-LENGTH DATA ELEMENTS--GENERAL INFORMATION
fixed length control field 131223s1974 ii 00| 0 eng d
035 ## - SYSTEM CONTROL NUMBER
System control number (BD-RjUL)4769
040 ## - CATALOGING SOURCE
Original cataloging agency BD-RjUL
Language of cataloging eng
Transcribing agency BD-RjUL
Modifying agency BD-RjUL
041 ## - LANGUAGE CODE
Language code of text/sound track or separate title eng
082 ## - DEWEY DECIMAL CLASSIFICATION NUMBER
Classification number 341
Edition number 20
Author mark and year MIP 1974
100 1# - MAIN ENTRY--PERSONAL NAME
Personal name Misra, Surya Narayan
9 (RLIN) 14925
245 10 - TITLE STATEMENT
Title Public international law /
Statement of responsibility, etc. Surya Narayan Misra
250 ## - EDITION STATEMENT
Edition statement 1st. ed.
260 ## - PUBLICATION, DISTRIBUTION, ETC. (IMPRINT)
Place of publication, distribution, etc. Allahabad :
Name of publisher, distributor, etc. Central law agency,
Date of publication, distribution, etc. 1974
300 ## - PHYSICAL DESCRIPTION
Pagination xviii, 497 p. ;
Size 24 cm
504 ## - BIBLIOGRAPHY, ETC. NOTE
Bibliography, etc Includes bibliography and index
650 #0 - SUBJECT ADDED ENTRY--TOPICAL TERM
Topical term or geographic name as entry element International law
9 (RLIN) 14926
942 ## - ADDED ENTRY ELEMENTS (KOHA)
Source of classification or shelving scheme Dewey Decimal Classification
Koha item type Books
Holdings
Lost status Source of classification or shelving scheme Damaged status Not for loan Collection code Permanent Location Current Location Date acquired Source of acquisition Cost, normal purchase price Total Checkouts Full call number Date last seen Copy number Koha item type
  Dewey Decimal Classification   Not For Loan Non-fiction Central Library, University of Rajshahi Central Library, University of Rajshahi 06/07/1976 k.p bangali & co. 15.00   341 MIP 1974 23/12/2013 C-2 Books